Κατάλογος Βιβλιοθηκών Mediterranean College

Κλινική Διαχείριση για Νευρολογικές Καταστάσεις / Τρίτη Έκδοση: Πρώτη Ελληνική Έκδοση (Record no. 3160)

MARC details
000 -LEADER
fixed length control field 02767cam a22002414a 4500
005 - ΗΜΕΡΟΜΗΝΙΑ ΚΑΙ ΩΡΑ ΤΕΛΕΥΤΑΙΑΣ ΕΝΗΜΕΡΩΣΗΣ
Πεδίο ελέγχου 20250605164106.0
008 - FIXED-LENGTH DATA ELEMENTS--GENERAL INFORMATION
Πεδίο ελέγχου σταθερού μήκους 250528s ||||||||||||||||||||||||d
035 ## - SYSTEM CONTROL NUMBER
System control number 17760
020 ## - ISBN
ISBN 9789603949664
040 ## - ΠΗΓΗ ΚΑΤΑΛΟΓΟΓΡΑΦΗΣΗΣ
Φορέας πρωτότυπης καταλογογράφησης MC Athens Campus Library
Γλώσσα καταλογογράφησης Ελληνικά, Μοντέρνα (1453-)
Modifying agency MC Athens Campus Library
Κανόνες περιγραφικής καταλογογράφησης AACR2
245 1# - ΤΙΤΛΟΣ ΚΑΙ ΔΗΛΩΣΗ ΥΠΕΥΘΥΝΟΤΗΤΑΣ
Τίτλος Κλινική Διαχείριση για Νευρολογικές Καταστάσεις / Τρίτη Έκδοση: Πρώτη Ελληνική Έκδοση
250 ## - EDITION STATEMENT
Edition statement
260 ## - PUBLICATION, DISTRIBUTION, ETC.
Name of publisher, distributor, etc. Εκδόσεις Παρισιάνου,
Date of publication, distribution, etc. 2011
300 ## - PHYSICAL DESCRIPTION
Extent 408
520 ## - SUMMARY, ETC.
Summary, etc. Το μοναδικό βιβλίο για φυσικοθεραπευτές που προσφέρει μια συνολική επισκόπηση των βασικών αρχών της νευρολογικής Αποκατάστασης, συγκεκριμένων νευρολογικών/ νευρομυϊκών καταστάσεων και των σχετικών φυσικοθεραπευτικών προσεγγίσεων που εφαρμόζονται για την αντιμετώπιση τους. Πρόλογος, Νευρολογικές και Νευρομυϊκές Καταστάσεις, Αγγειακό Εγκεφαλικό Επεισόδιο (ΑΕΕ), Επίκτητη Εγκεφαλική Βλάβη: Τραυματισμός και Παθολογία, Κάκωση Νωτιαίου Μυελού, Σκλήρυνση Κατά Πλάκας, Νόσος Parkinson, Νόσος Huntington, Νόσος Κινητικού Νευρώνα, Πολυνευροπάθειες, Μυϊκές Διαταραχές, Θεραπευτικές Προσεγγίσεις στη Νευρολογική Αποκατάσταση, Η Θεωρητική Βάση για την Τεκμηριωμένη Νευρολογική Φυσικοθεραπεία, Εξειδικευμένες Τεχνικές Αγωγής, Αιθουσαία Αποκατάσταση, Κλινική Διαχείριση της Μεταβολής του Τόνου και της Κινητικότητας, Αναπνευστική Διαχείριση στη Νευρολογική Αποκατάσταση, Η Κλινική Νευροψυχολογία στην Αποκατάσταση, Απόκτηση Δεξιοτήτων και Εκμάθηση, Η Σωματική Δραστηριότητα και Άσκηση στη Νευρολογική Αποκατάσταση, Αυτοδιαχείριση, Οι Πτώσεις και η Διαχείριση τους, Παραρτήματα, Ευρετήριο.
700 1# - ΠΡΟΣΘΕΤΗ ΑΝΑΓΡΑΦΗ--ΦΥΣΙΚΟ ΠΡΟΣΩΠΟ
Personal name Stack Emma
9 (RLIN) 3966
700 1# - ΠΡΟΣΘΕΤΗ ΑΝΑΓΡΑΦΗ--ΦΥΣΙΚΟ ΠΡΟΣΩΠΟ
Personal name Stokes Maria
9 (RLIN) 3967
700 1# - ΠΡΟΣΘΕΤΗ ΑΝΑΓΡΑΦΗ--ΦΥΣΙΚΟ ΠΡΟΣΩΠΟ
Personal name Κοτταράς Σταύρος
9 (RLIN) 3968
700 1# - ΠΡΟΣΘΕΤΗ ΑΝΑΓΡΑΦΗ--ΦΥΣΙΚΟ ΠΡΟΣΩΠΟ
Personal name Μαυρομούστακος Σάββας
9 (RLIN) 3969
942 ## - ADDED ENTRY ELEMENTS (KOHA)
Koha item type Books
Holdings
Τύπος τεκμηρίου Βιβλιοθήκη Τρέχουσα τοποθεσία Barcode Αριθμός εισαγωγής Ημερομηνία απόκτησης Ταξιθετικό σύμβολο Αριθμός αντιτύπου Κατάσταση απόσυρσης Κατάσταση χαμένου Κατάσταση κατεστραμμένου Μη δανεισμός Σύνολο δανεισμών Ημερομηνία τελευταίας εμφάνισης Χρονολογία τελευταίου δανεισμού Η τιμή ισχύει από
Books MC Athens Campus Library MC Athens Campus Library 9780000031594 7126 05/06/2025 616.80462 STO 1         2 23/12/2025 19/12/2025 05/06/2025

MC Athens Campus Library
Πατησίων 94 & Κοδριγκτώνος 13, 104 34
Πελλήνης 8 & Πατησίων 107, 112 51
Τ: +30 210 8899600

MC Thessaloniki Campus Library
Ίωνος Δραγούμη 21, 54625 | Ίωνος Δραγούμη 15, 54625
Τ: +30 2310 287779 – Τ: +30 2314 440300